[Event "Tournoi International du Pays de Charleroi 2018"]
[Site "Roux, Belgium"]
[Date "2018.07.30"]
[Round "3.11"]
[White "Maerevoet, Sim"]
[Black "Le Quang, Kim"]
[Result "1-0"]
[BlackTitle "FM"]
[WhiteElo "2115"]
[BlackElo "2261"]

1. c4 {[%clk 01:30:57]} {[%emt 00:00:02]} f5 {[%clk 01:28:51]} {[%emt
00:02:10]} 2. f4 {[%clk 01:31:17]} {[%emt 00:00:10]} Nf6 {[%clk 01:28:43]}
{[%emt 00:00:37]} 3. Nf3 {[%clk 01:31:30]} {[%emt 00:00:18]} b6 {[%clk
01:26:25]} {[%emt 00:02:48]} 4. g3 {[%clk 01:31:28]} {[%emt 00:00:31]} Bb7
{[%clk 01:26:34]} {[%emt 00:00:21]} 5. Bg2 {[%clk 01:31:51]} {[%emt 00:00:07]}
e6 {[%clk 01:22:11]} {[%emt 00:04:53]} 6. O-O {[%clk 01:31:29]} {[%emt
00:00:51]} Be7 {[%clk 01:22:31]} {[%emt 00:00:10]} 7. b3 {[%clk 01:26:04]}
{[%emt 00:05:56]} O-O {[%clk 01:22:54]} {[%emt 00:00:07]} 8. Bb2 {[%clk
01:26:30]} {[%emt 00:00:03]} Qe8 {[%clk 01:16:35]} {[%emt 00:06:49]} 9. Nc3
{[%clk 01:15:14]} {[%emt 00:11:46]} Qh5 {[%clk 01:14:13]} {[%emt 00:02:52]} 10.
e3 {[%clk 01:07:04]} {[%emt 00:08:40]} Qh6 {[%clk 01:00:42]} {[%emt 00:14:00]}
11. Qe2 {[%clk 01:01:51]} {[%emt 00:05:43]} a6 {[%clk 00:49:31]} {[%emt
00:11:41]} 12. Ne5 {[%clk 00:44:47]} {[%emt 00:17:33]} Ra7 {[%clk 00:48:53]}
{[%emt 00:01:08]} 13. Bxb7 {[%clk 00:43:51]} {[%emt 00:01:26]} Rxb7 {[%clk
00:49:16]} {[%emt 00:00:07]} 14. Qg2 {[%clk 00:44:07]} {[%emt 00:00:13]} c6
{[%clk 00:48:48]} {[%emt 00:00:59]} 15. a4 {[%clk 00:36:27]} {[%emt 00:08:10]}
Rc7 {[%clk 00:47:41]} {[%emt 00:01:37]} 16. Ba3 {[%clk 00:28:50]} {[%emt
00:08:08]} Bxa3 {[%clk 00:42:00]} {[%emt 00:06:11]} 17. Rxa3 {[%clk 00:29:12]}
{[%emt 00:00:08]} d6 {[%clk 00:42:00]} {[%emt 00:00:30]} 18. Nf3 {[%clk
00:29:07]} {[%emt 00:00:35]} Re8 {[%clk 00:37:40]} {[%emt 00:04:50]} 19. Raa1
{[%clk 00:21:23]} {[%emt 00:08:14]} g6 {[%clk 00:34:30]} {[%emt 00:03:40]} 20.
Rae1 {[%clk 00:18:39]} {[%emt 00:03:14]} Ne4 {[%clk 00:30:04]} {[%emt
00:04:56]} 21. Rd1 {[%clk 00:13:42]} {[%emt 00:05:28]} Nd7 {[%clk 00:26:31]}
{[%emt 00:04:03]} 22. Nd4 {[%clk 00:11:29]} {[%emt 00:02:43]} d5 {[%clk
00:21:32]} {[%emt 00:05:29]} 23. Nxe4 {[%clk 00:10:03]} {[%emt 00:01:56]} dxe4
{[%clk 00:16:41]} {[%emt 00:05:22]} 24. d3 {[%clk 00:08:41]} {[%emt 00:01:51]}
e5 {[%clk 00:13:42]} {[%emt 00:03:29]} 25. Ne2 {[%clk 00:08:37]} {[%emt
00:00:35]} exd3 {[%clk 00:09:22]} {[%emt 00:04:51]} 26. Rxd3 {[%clk 00:08:57]}
{[%emt 00:00:09]} Nc5 {[%clk 00:09:43]} {[%emt 00:00:09]} 27. Rd6 {[%clk
00:08:56]} {[%emt 00:00:31]} Ne4 {[%clk 00:09:13]} {[%emt 00:01:01]} 28. Rd3
{[%clk 00:09:11]} {[%emt 00:00:14]} Rce7 {[%clk 00:06:28]} {[%emt 00:03:16]} 29.
Rfd1 {[%clk 00:08:05]} {[%emt 00:01:36]} Qg7 {[%clk 00:06:17]} {[%emt
00:00:41]} 30. g4 {[%clk 00:05:44]} {[%emt 00:02:51]} exf4 {[%clk 00:04:22]}
{[%emt 00:02:26]} 31. Nxf4 {[%clk 00:04:52]} {[%emt 00:01:21]} Qe5 {[%clk
00:04:09]} {[%emt 00:00:43]} 32. gxf5 {[%clk 00:03:32]} {[%emt 00:01:51]} Qxf5
{[%clk 00:04:25]} {[%emt 00:00:14]} 33. Rd8 {[%clk 00:03:25]} {[%emt 00:00:37]}
Rxd8 {[%clk 00:02:37]} {[%emt 00:02:18]} 34. Rxd8+ {[%clk 00:03:48]} {[%emt
00:00:07]} Kf7 {[%clk 00:02:54]} {[%emt 00:00:13]} 35. b4 {[%clk 00:02:54]}
{[%emt 00:01:24]} Qf6 {[%clk 00:02:20]} {[%emt 00:01:04]} 36. Rd4 {[%clk
00:02:24]} {[%emt 00:01:01]} Qe5 {[%clk 00:01:57]} {[%emt 00:00:52]} 37. Nd3
{[%clk 00:01:41]} {[%emt 00:01:14]} Qe6 {[%clk 00:01:24]} {[%emt 00:01:02]} 38.
Nf4 {[%clk 00:01:48]} {[%emt 00:00:24]} Qf5 {[%clk 00:01:38]} {[%emt 00:00:16]}
39. Qh3 {[%clk 00:01:38]} {[%emt 00:00:40]} Qg5+ {[%clk 00:01:34]} {[%emt
00:00:33]} 40. Kf1 {[%clk 00:01:40]} {[%emt 00:00:29]} Nf6 {[%clk 00:00:49]}
{[%emt 00:01:15]} 41. Rd6 {[%clk 00:24:44]} {[%emt 00:07:26]} Qe5 {[%clk
00:25:02]} {[%emt 00:06:16]} 42. Rxc6 {[%clk 00:23:48]} {[%emt 00:01:26]} Qa1+
{[%clk 00:23:13]} {[%emt 00:02:20]} 43. Kg2 {[%clk 00:20:01]} {[%emt 00:04:18]}
Qb2+ {[%clk 00:10:22]} {[%emt 00:13:21]} 44. Kf3 {[%clk 00:18:52]} {[%emt
00:01:38]} g5 {[%clk 00:06:56]} {[%emt 00:03:56]} 45. Nd3 {[%clk 00:12:35]}
{[%emt 00:06:48]} g4+ {[%clk 00:03:30]} {[%emt 00:03:56]} 46. Kf4 {[%clk
00:12:25]} {[%emt 00:00:39]} Qc3 {[%clk 00:02:58]} {[%emt 00:00:57]} 47. Qh6
{[%clk 00:11:20]} {[%emt 00:01:40]} Qa1 {[%clk 00:02:04]} {[%emt 00:01:25]} 48.
Qh4 {[%clk 00:05:44]} {[%emt 00:06:05]} Qc3 {[%clk 00:00:52]} {[%emt 00:01:42]}
49. Qg5 {[%clk 00:04:36]} {[%emt 00:01:38]} Re4+ {[%clk 00:00:35]} {[%emt
00:00:49]} 50. Kf5 {[%clk 00:04:33]} {[%emt 00:00:32]} Re6 {[%clk 00:00:51]}
{[%emt 00:00:14]} 51. Rc7+ {[%clk 00:04:38]} {[%emt 00:00:25]} Re7 {[%clk
00:01:01]} {[%emt 00:00:19]} 52. Rxe7+ {[%clk 00:04:05]} {[%emt 00:01:03]} Kxe7
{[%clk 00:01:28]} {[%emt 00:00:03]} 53. Qg7+ {[%clk 00:04:23]} {[%emt
00:00:11]} Ke8 {[%clk 00:01:52]} {[%emt 00:00:07]} 54. Ne5 {[%clk 00:04:21]}
{[%emt 00:00:32]} 1-0

[Event "Tournoi International du Pays de Charleroi 2018"]
[Site "Roux, Belgium"]
[Date "2018.07.30"]
[Round "3.9"]
[White "Kasparov, Sergey"]
[Black "De Herdt, Yasseen"]
[Result "1-0"]
[WhiteTitle "IM"]
[WhiteElo "2449"]
[BlackElo "2146"]

1. e4 {[%clk 01:30:58]} {[%emt 00:00:02]} g6 {[%clk 01:30:44]} {[%emt
00:00:16]} 2. d4 {[%clk 01:31:22]} {[%emt 00:00:06]} Bg7 {[%clk 01:31:09]}
{[%emt 00:00:04]} 3. Nc3 {[%clk 01:31:43]} {[%emt 00:00:09]} c6 {[%clk
01:31:31]} {[%emt 00:00:08]} 4. h3 {[%clk 01:32:07]} {[%emt 00:00:06]} d5
{[%clk 01:31:55]} {[%emt 00:00:06]} 5. Nf3 {[%clk 01:32:33]} {[%emt 00:00:04]}
dxe4 {[%clk 01:32:05]} {[%emt 00:00:21]} 6. Nxe4 {[%clk 01:33:00]} {[%emt
00:00:03]} Nf6 {[%clk 01:32:08]} {[%emt 00:00:27]} 7. Nxf6+ {[%clk 01:33:23]}
{[%emt 00:00:07]} exf6 {[%clk 01:32:34]} {[%emt 00:00:04]} 8. Bc4 {[%clk
01:33:25]} {[%emt 00:00:28]} O-O {[%clk 01:31:28]} {[%emt 00:01:36]} 9. O-O
{[%clk 01:33:18]} {[%emt 00:00:36]} Nd7 {[%clk 01:29:25]} {[%emt 00:02:34]} 10.
Re1 {[%clk 01:32:35]} {[%emt 00:01:13]} Nb6 {[%clk 01:28:46]} {[%emt 00:01:08]}
11. Bb3 {[%clk 01:31:34]} {[%emt 00:01:31]} Re8 {[%clk 01:24:32]} {[%emt
00:04:45]} 12. c4 {[%clk 01:24:53]} {[%emt 00:07:10]} Bf5 {[%clk 01:16:24]}
{[%emt 00:08:38]} 13. Be3 {[%clk 01:20:28]} {[%emt 00:04:55]} a5 {[%clk
00:54:54]} {[%emt 00:22:00]} 14. a3 {[%clk 01:19:52]} {[%emt 00:01:07]} a4
{[%clk 00:54:53]} {[%emt 00:00:31]} 15. Ba2 {[%clk 01:18:17]} {[%emt 00:02:04]}
Nc8 {[%clk 00:54:47]} {[%emt 00:00:35]} 16. Rc1 {[%clk 01:12:20]} {[%emt
00:06:28]} Qb6 {[%clk 00:44:37]} {[%emt 00:10:38]} 17. Re2 {[%clk 01:08:35]}
{[%emt 00:04:15]} Qa6 {[%clk 00:43:05]} {[%emt 00:02:04]} 18. d5 {[%clk
01:03:06]} {[%emt 00:06:00]} cxd5 {[%clk 00:41:21]} {[%emt 00:02:14]} 19. Nd4
{[%clk 01:01:55]} {[%emt 00:01:41]} Bd7 {[%clk 00:40:42]} {[%emt 00:01:09]} 20.
cxd5 {[%clk 01:00:26]} {[%emt 00:01:59]} f5 {[%clk 00:38:00]} {[%emt 00:03:12]}
21. Rec2 {[%clk 00:52:58]} {[%emt 00:07:58]} Nd6 {[%clk 00:30:25]} {[%emt
00:08:05]} 22. Rc7 {[%clk 00:46:38]} {[%emt 00:06:48]} Bb5 {[%clk 00:14:00]}
{[%emt 00:16:56]} 23. Qd2 {[%clk 00:35:50]} {[%emt 00:11:18]} Re4 {[%clk
00:00:47]} {[%emt 00:13:44]} 24. Ne6 {[%clk 00:32:24]} {[%emt 00:03:55]} fxe6
{[%clk 00:00:54]} {[%emt 00:00:24]} 25. dxe6 {[%clk 00:32:44]} {[%emt
00:00:10]} Re8 {[%clk 00:00:31]} {[%emt 00:00:53]} 26. Rxg7+ {[%clk 00:30:59]}
{[%emt 00:02:14]} Kxg7 {[%clk 00:00:59]} {[%emt 00:00:03]} 27. Rc7+ {[%clk
00:31:21]} {[%emt 00:00:08]} Re7 {[%clk 00:30:00]} {[%emt 00:00:59]} 1-0

[ePGN "0.1;DGT LiveChess/2.1"]

[Event "Tournoi International du Pays de Charleroi 2018"]
[Site "Roux, Belgium"]
[Date "2018.07.30"]
[Round "4.13"]
[White "Gitu, Paula-Alexandra"]
[Black "Vanderwaeren, Serge"]
[Result "1/2-1/2"]
[WhiteTitle "WFM"]
[BlackTitle "FM"]
[WhiteElo "1990"]
[BlackElo "2145"]

1. e4 {[%clk 01:30:58]} {[%emt 00:00:02]} c5 {[%clk 01:29:41]} {[%emt
00:01:18]} 2. Nf3 {[%clk 01:31:24]} {[%emt 00:00:03]} e6 {[%clk 01:30:06]}
{[%emt 00:00:05]} 3. c3 {[%clk 01:31:51]} {[%emt 00:00:05]} Nf6 {[%clk
01:29:58]} {[%emt 00:00:37]} 4. e5 {[%clk 01:32:17]} {[%emt 00:00:04]} Nd5
{[%clk 01:30:20]} {[%emt 00:00:08]} 5. d4 {[%clk 01:32:31]} {[%emt 00:00:16]}
cxd4 {[%clk 01:30:43]} {[%emt 00:00:07]} 6. cxd4 {[%clk 01:32:56]} {[%emt
00:00:05]} d6 {[%clk 01:30:59]} {[%emt 00:00:13]} 7. Bc4 {[%clk 01:32:09]}
{[%emt 00:01:18]} Nc6 {[%clk 01:31:01]} {[%emt 00:00:27]} 8. O-O {[%clk
01:31:17]} {[%emt 00:01:22]} dxe5 {[%clk 01:31:18]} {[%emt 00:00:12]} 9. dxe5
{[%clk 01:31:43]} {[%emt 00:00:04]} Be7 {[%clk 01:31:36]} {[%emt 00:00:12]} 10.
Qe2 {[%clk 01:26:07]} {[%emt 00:06:07]} O-O {[%clk 01:30:44]} {[%emt 00:01:22]}
11. Rd1 {[%clk 01:22:58]} {[%emt 00:03:40]} Qc7 {[%clk 01:30:39]} {[%emt
00:00:35]} 12. Bxd5 {[%clk 01:06:14]} {[%emt 00:17:13]} exd5 {[%clk 01:30:58]}
{[%emt 00:00:11]} 13. Nc3 {[%clk 01:06:28]} {[%emt 00:00:16]} Bg4 {[%clk
01:30:13]} {[%emt 00:01:14]} 14. Nxd5 {[%clk 01:06:15]} {[%emt 00:00:45]} Qa5
{[%clk 01:26:06]} {[%emt 00:04:33]} 15. Qe4 {[%clk 00:56:12]} {[%emt 00:10:37]}
Bxf3 {[%clk 01:22:52]} {[%emt 00:03:44]} 16. Qxf3 {[%clk 00:56:01]} {[%emt
00:00:41]} Rad8 {[%clk 01:21:30]} {[%emt 00:01:51]} 17. Bf4 {[%clk 00:54:29]}
{[%emt 00:02:02]} Bc5 {[%clk 01:20:55]} {[%emt 00:01:04]} 18. Qe4 {[%clk
00:50:28]} {[%emt 00:04:32]} Rfe8 {[%clk 01:18:26]} {[%emt 00:02:59]} 19. a3
{[%clk 00:36:28]} {[%emt 00:14:32]} Bd4 {[%clk 01:16:47]} {[%emt 00:02:08]} 20.
Nb4 {[%clk 00:17:39]} {[%emt 00:19:20]} Bxb2 {[%clk 01:06:51]} {[%emt
00:10:25]} 21. Nxc6 {[%clk 00:14:55]} {[%emt 00:03:15]} bxc6 {[%clk 01:05:49]}
{[%emt 00:01:31]} 22. Rab1 {[%clk 00:15:22]} {[%emt 00:00:04]} Rxd1+ {[%clk
01:03:01]} {[%emt 00:03:17]} 23. Rxd1 {[%clk 00:15:50]} {[%emt 00:00:02]} c5
{[%clk 00:58:24]} {[%emt 00:05:07]} 24. a4 {[%clk 00:14:49]} {[%emt 00:01:32]}
Bd4 {[%clk 00:53:58]} {[%emt 00:04:55]} 25. Qc6 {[%clk 00:13:37]} {[%emt
00:01:43]} Qd8 {[%clk 00:53:33]} {[%emt 00:00:54]} 26. h3 {[%clk 00:10:03]}
{[%emt 00:04:05]} h6 {[%clk 00:53:35]} {[%emt 00:00:27]} 27. Rd2 {[%clk
00:07:34]} {[%emt 00:02:59]} Qc8 {[%clk 00:52:27]} {[%emt 00:01:36]} 28. Qd5
{[%clk 00:01:14]} {[%emt 00:06:52]} Qf5 {[%clk 00:50:34]} {[%emt 00:02:21]} 29.
Bg3 {[%clk 00:00:39]} {[%emt 00:01:06]} Rb8 {[%clk 00:49:03]} {[%emt 00:01:58]}
30. Kh2 {[%clk 00:00:42]} {[%emt 00:00:31]} Kh7 {[%clk 00:48:08]} {[%emt
00:01:24]} 31. Re2 {[%clk 00:00:36]} {[%emt 00:00:37]} Rb1 {[%clk 00:47:20]}
{[%emt 00:01:17]} 32. Qc4 {[%clk 00:00:34]} {[%emt 00:00:34]} Rb6 {[%clk
00:45:19]} {[%emt 00:02:28]} 33. a5 {[%clk 00:00:40]} {[%emt 00:00:28]} Re6
{[%clk 00:45:39]} {[%emt 00:00:08]} 34. Qd5 {[%clk 00:00:35]} {[%emt 00:00:36]}
g5 {[%clk 00:45:42]} {[%emt 00:00:25]} 35. f3 {[%clk 00:00:34]} {[%emt
00:00:33]} h5 {[%clk 00:45:50]} {[%emt 00:00:22]} 36. Re4 {[%clk 00:00:38]}
{[%emt 00:00:27]} h4 {[%clk 00:45:22]} {[%emt 00:00:57]} 37. Be1 {[%clk
00:00:42]} {[%emt 00:00:27]} Rxe5 {[%clk 00:44:36]} {[%emt 00:01:15]} 38. Qc4
{[%clk 00:00:32]} {[%emt 00:00:42]} Rxe4 {[%clk 00:44:33]} {[%emt 00:00:32]} 39.
fxe4 {[%clk 00:01:01]} Qe5 {[%clk 00:43:19]} {[%emt 00:01:45]} 40. Kh1 {[%clk
00:01:28]} {[%emt 00:00:03]} Kg6 {[%clk 00:43:17]} {[%emt 00:00:31]} 41. Qa6+
{[%clk 00:01:02]} {[%emt 00:00:57]} f6 {[%clk 00:42:32]} {[%emt 00:01:13]} 42.
Qc6 {[%clk 00:00:44]} {[%emt 00:00:50]} c4 {[%clk 00:38:36]} {[%emt 00:04:25]}
43. Qxc4 {[%clk 00:29:19]} {[%emt 00:01:55]} Qxe4 {[%clk 01:08:03]} {[%emt
00:01:02]} 44. Qg8+ {[%clk 00:29:46]} {[%emt 00:00:04]} Kf5 {[%clk 01:07:26]}
{[%emt 00:01:04]} 45. Qh7+ {[%clk 00:23:51]} {[%emt 00:06:27]} Kf4 {[%clk
01:07:05]} {[%emt 00:00:50]} 46. Bd2+ {[%clk 00:23:57]} {[%emt 00:00:25]} Be3
{[%clk 01:06:42]} {[%emt 00:00:53]} 47. Qc7+ {[%clk 00:23:56]} {[%emt
00:00:32]} Kf5 {[%clk 01:05:01]} {[%emt 00:02:08]} 48. Qh7+ {[%clk 00:23:32]}
{[%emt 00:00:57]} Ke5 {[%clk 01:04:30]} {[%emt 00:00:53]} 49. Qe7+ {[%clk
00:23:40]} {[%emt 00:00:30]} Kd5 {[%clk 01:03:48]} {[%emt 00:01:08]} 50. Qb7+
{[%clk 00:14:06]} {[%emt 00:10:08]} Ke5 {[%clk 01:03:59]} {[%emt 00:00:09]} 51.
Qe7+ {[%clk 00:13:08]} {[%emt 00:01:38]} Kf5 {[%clk 01:03:36]} {[%emt
00:00:51]} 52. Qh7+ {[%clk 00:13:29]} {[%emt 00:00:10]} Ke5 {[%emt 00:01:13]}
1/2-1/2

[Event "Tournoi International du Pays de Charleroi 2018"]
[Site "Roux, Belgium"]
[Date "2018.07.30"]
[Round "4.15"]
[White "Dierckens, Sarah"]
[Black "Van Malder, Dries"]
[Result "0-1"]
[WhiteElo "1783"]
[BlackElo "2126"]

1. e4 {[%clk 01:30:59]} {[%emt 00:00:02]} c5 {[%clk 01:30:49]} {[%emt
00:00:09]} 2. Nf3 {[%clk 01:31:23]} {[%emt 00:00:06]} Nc6 {[%clk 01:31:08]}
{[%emt 00:00:11]} 3. d4 {[%clk 01:31:47]} {[%emt 00:00:06]} cxd4 {[%clk
01:31:28]} {[%emt 00:00:10]} 4. Nxd4 {[%clk 01:32:13]} {[%emt 00:00:05]} Nf6
{[%clk 01:31:43]} {[%emt 00:00:14]} 5. Nc3 {[%clk 01:32:21]} {[%emt 00:00:22]}
d6 {[%clk 01:32:04]} {[%emt 00:00:08]} 6. f3 {[%clk 01:26:17]} {[%emt
00:06:35]} e5 {[%clk 01:32:24]} {[%emt 00:00:10]} 7. Nb3 {[%clk 01:24:59]}
{[%emt 00:01:49]} Be7 {[%clk 01:32:44]} {[%emt 00:00:09]} 8. Bc4 {[%clk
01:23:48]} {[%emt 00:01:41]} O-O {[%clk 01:31:47]} {[%emt 00:01:26]} 9. Be3
{[%clk 01:23:30]} {[%emt 00:00:50]} Be6 {[%clk 01:26:34]} {[%emt 00:05:42]} 10.
Nd5 {[%clk 01:19:28]} {[%emt 00:04:32]} Rc8 {[%clk 01:24:07]} {[%emt 00:02:57]}
11. Nxe7+ {[%clk 01:17:18]} {[%emt 00:02:40]} Qxe7 {[%clk 01:23:54]} {[%emt
00:00:42]} 12. Bxe6 {[%clk 01:16:49]} {[%emt 00:01:00]} Qxe6 {[%clk 01:22:50]}
{[%emt 00:01:33]} 13. O-O {[%clk 01:16:57]} {[%emt 00:00:24]} b6 {[%clk
01:21:26]} {[%emt 00:01:53]} 14. Nc1 {[%clk 01:14:51]} {[%emt 00:02:36]} d5
{[%clk 01:20:36]} {[%emt 00:01:19]} 15. exd5 {[%clk 01:07:32]} {[%emt
00:07:50]} Nxd5 {[%clk 01:20:36]} {[%emt 00:00:30]} 16. Bf2 {[%clk 01:07:51]}
{[%emt 00:00:11]} Rfd8 {[%clk 01:19:54]} {[%emt 00:01:12]} 17. Qe1 {[%clk
01:01:40]} {[%emt 00:06:41]} Ncb4 {[%clk 01:19:21]} {[%emt 00:01:02]} 18. c3
{[%clk 00:48:16]} {[%emt 00:13:55]} Nc2 {[%clk 01:19:23]} {[%emt 00:00:27]} 19.
Qe4 {[%clk 00:48:28]} {[%emt 00:00:19]} Nxa1 {[%clk 01:18:58]} {[%emt
00:00:55]} 20. Ne2 {[%clk 00:48:05]} {[%emt 00:00:53]} Nf6 {[%clk 01:17:01]}
{[%emt 00:02:26]} 21. Qa4 {[%clk 00:42:18]} {[%emt 00:06:18]} Rd2 {[%clk
01:14:24]} {[%emt 00:03:06]} 22. Ng3 {[%clk 00:42:16]} {[%emt 00:00:33]} Nc2
{[%clk 01:14:24]} {[%emt 00:00:29]} 23. Qxa7 {[%clk 00:42:18]} {[%emt
00:00:29]} e4 {[%clk 01:11:32]} {[%emt 00:03:22]} 24. fxe4 {[%clk 00:41:11]}
{[%emt 00:01:37]} Nxe4 {[%clk 01:09:37]} {[%emt 00:02:24]} 25. Be1 {[%clk
00:37:24]} {[%emt 00:04:18]} Nxg3 {[%clk 01:08:43]} {[%emt 00:01:24]} 26. Bxg3
{[%clk 00:35:48]} {[%emt 00:02:06]} Ne3 {[%clk 01:06:30]} {[%emt 00:02:41]} 27.
Re1 {[%clk 00:34:23]} {[%emt 00:01:57]} Rxg2+ {[%clk 01:06:37]} {[%emt
00:00:23]} 28. Kh1 {[%clk 00:34:46]} {[%emt 00:00:07]} Qc6 {[%clk 01:06:33]}
{[%emt 00:00:33]} 29. Rxe3 {[%clk 00:34:49]} {[%emt 00:00:28]} Rxg3 {[%clk
01:06:50]} {[%emt 00:00:13]} 0-1

[Event "Tournoi International du Pays de Charleroi 2018"]
[Site "Roux, Belgium"]
[Date "2018.07.30"]
[Round "4.18"]
[White "Nair, Sanjeev"]
[Black "Hoffmeister, Frank"]
[Result "0-1"]
[WhiteElo "1942"]
[BlackElo "2170"]

1. e4 {[%clk 01:17:29]} {[%emt 00:13:31]} e6 {[%clk 01:30:54]} {[%emt
00:00:07]} 2. d4 {[%clk 01:17:51]} {[%emt 00:00:09]} d5 {[%clk 01:31:21]}
{[%emt 00:00:02]} 3. Nd2 {[%clk 01:18:07]} {[%emt 00:00:13]} Nf6 {[%clk
01:31:45]} {[%emt 00:00:06]} 4. e5 {[%clk 01:18:33]} {[%emt 00:00:05]} Nfd7
{[%clk 01:32:11]} {[%emt 00:00:03]} 5. Bd3 {[%clk 01:18:55]} {[%emt 00:00:08]}
c5 {[%clk 01:32:38]} {[%emt 00:00:04]} 6. c3 {[%clk 01:19:18]} {[%emt
00:00:07]} Nc6 {[%clk 01:33:04]} {[%emt 00:00:03]} 7. Ne2 {[%clk 01:19:42]}
{[%emt 00:00:07]} cxd4 {[%clk 01:33:28]} {[%emt 00:00:06]} 8. cxd4 {[%clk
01:20:09]} {[%emt 00:00:03]} f6 {[%clk 01:33:52]} {[%emt 00:00:06]} 9. exf6
{[%clk 01:20:26]} {[%emt 00:00:12]} Nxf6 {[%clk 01:34:20]} {[%emt 00:00:02]} 10.
Nf3 {[%clk 01:20:48]} {[%emt 00:00:08]} Bd6 {[%clk 01:34:45]} {[%emt 00:00:06]}
11. O-O {[%clk 01:21:01]} {[%emt 00:00:17]} O-O {[%clk 01:35:11]} {[%emt
00:00:03]} 12. Nc3 {[%clk 01:18:15]} {[%emt 00:03:17]} a6 {[%clk 01:34:59]}
{[%emt 00:00:42]} 13. Bg5 {[%clk 01:12:42]} {[%emt 00:06:03]} Qc7 {[%clk
01:34:28]} {[%emt 00:01:01]} 14. Bh4 {[%clk 01:11:27]} {[%emt 00:01:45]} Nh5
{[%clk 01:31:54]} {[%emt 00:03:03]} 15. Bg3 {[%clk 01:06:34]} {[%emt 00:05:24]}
Nxg3 {[%clk 01:28:13]} {[%emt 00:04:10]} 16. hxg3 {[%clk 01:06:52]} {[%emt
00:00:12]} g6 {[%clk 01:19:42]} {[%emt 00:09:01]} 17. Re1 {[%clk 00:57:07]}
{[%emt 00:10:15]} Qg7 {[%clk 01:18:56]} {[%emt 00:01:16]} 18. Bf1 {[%clk
00:56:35]} {[%emt 00:01:03]} g5 {[%clk 01:10:29]} {[%emt 00:08:56]} 19. Rc1
{[%clk 00:43:06]} {[%emt 00:14:00]} Bd7 {[%clk 01:03:14]} {[%emt 00:07:44]} 20.
Qd2 {[%clk 00:22:40]} {[%emt 00:20:56]} h6 {[%clk 00:45:34]} {[%emt 00:18:09]}
21. Ne5 {[%clk 00:21:37]} {[%emt 00:01:34]} Nxe5 {[%clk 00:40:39]} {[%emt
00:05:25]} 22. dxe5 {[%clk 00:22:03]} {[%emt 00:00:04]} Bb4 {[%clk 00:39:39]}
{[%emt 00:01:28]} 23. Qd4 {[%clk 00:20:52]} {[%emt 00:01:43]} Qe7 {[%clk
00:39:44]} {[%emt 00:00:24]} 24. Qd3 {[%clk 00:20:19]} {[%emt 00:01:04]} Rac8
{[%clk 00:36:31]} {[%emt 00:03:43]} 25. Rc2 {[%clk 00:12:18]} {[%emt 00:08:31]}
Qg7 {[%clk 00:28:50]} {[%emt 00:08:10]} 26. g4 {[%clk 00:02:00]} {[%emt
00:10:49]} Rf4 {[%clk 00:20:31]} {[%emt 00:08:49]} 27. a3 {[%clk 00:01:12]}
{[%emt 00:01:19]} Ba5 {[%clk 00:17:00]} {[%emt 00:04:01]} 28. b4 {[%clk
00:00:39]} {[%emt 00:01:02]} Bb6 {[%clk 00:17:20]} {[%emt 00:00:10]} 29. Qd1
{[%clk 00:00:31]} {[%emt 00:00:38]} Rxf2 {[%clk 00:11:59]} {[%emt 00:05:50]} 30.
Rxf2 {[%clk 00:00:43]} {[%emt 00:00:19]} Rxc3 {[%clk 00:12:25]} {[%emt
00:00:04]} 31. Qd2 {[%clk 00:00:33]} {[%emt 00:00:41]} Rc8 {[%clk 00:11:47]}
{[%emt 00:01:08]} 32. Kh1 {[%clk 00:00:41]} {[%emt 00:00:21]} Bxf2 {[%clk
00:12:04]} {[%emt 00:00:13]} 33. Qxf2 {[%clk 00:01:08]} {[%emt 00:00:02]} Be8
{[%clk 00:03:41]} {[%emt 00:08:55]} 34. Re3 {[%clk 00:00:31]} {[%emt 00:01:06]}
Bg6 {[%clk 00:03:05]} {[%emt 00:01:06]} 35. Qe1 {[%clk 00:00:31]} {[%emt
00:00:30]} Be4 {[%clk 00:03:09]} {[%emt 00:00:26]} 36. Rxe4 {[%clk 00:00:33]}
{[%emt 00:00:29]} dxe4 {[%clk 00:03:31]} {[%emt 00:00:07]} 37. Qxe4 {[%clk
00:00:56]} {[%emt 00:00:07]} Rc1 {[%clk 00:03:31]} {[%emt 00:00:29]} 38. Kg1
{[%clk 00:01:03]} {[%emt 00:00:23]} Qf7 {[%clk 00:03:50]} {[%emt 00:00:11]} 39.
Qd3 {[%clk 00:01:22]} {[%emt 00:00:12]} Kg7 {[%clk 00:03:45]} {[%emt 00:00:35]}
40. g3 {[%clk 00:00:45]} {[%emt 00:01:08]} Qc7 {[%clk 00:02:32]} {[%emt
00:01:42]} 41. Kh2 {[%clk 00:01:00]} {[%emt 00:00:15]} Qc2 {[%clk 00:02:55]}
{[%emt 00:00:07]} 0-1